=LDR 00000nam 2200000 4500 =001 NUTBA000000000002819 =005 20240514124614 =035 ##$$a 0010-071400000000007 =008 240514################g##########0#ind## =020 ##$$a 978-602-98173-0-0 =040 ##$$a NBPDMAT =082 ##$$a 530.76 =090 ##$$a 530.76$bShi s =100 ##$$a Shifa =245 1#$$a Siap solusi instan ala pelajar taklukkan fisika : $b SMP/MTs kelas VII, VIII, IX /$c Shifa =260 ##$$a Jogjakarta :$b Javalitera,$c 2011 =300 ##$$a 113 hlm. : $b ilus ; $c 21 cm. =650 #4$$a Fisik & Soal =850 ##$$a NBPDMAT =084 ##$$a 530.76 SHI s =250 ##$$a cet. I =990 ##$$a 21400613/BPAP-NTB/20142014 =990 ##$$a 0001/BPAP-NTB/20142014 =990 ##$$a 0001/BPAP-NTB/20142014 =990 ##$$a 0001/BPAP-NTB/20142014 =990 ##$$a 0001/BPAP-NTB/20142014 =990 ##$$a 0260/BPAP-NTB/2015 =990 ##$$a 01201712672